| 000 | 00000nam##2200000za#4500 |
| 001 | 9.566396 |
| 003 | CaOODSP |
| 005 | 20210624180253 |
| 007 | cr ||||||||||| |
| 008 | 150406|2004||||xxc|||||o f|0| 0 eng|d |
| 040 | |aCaOODSP|beng |
| 043 | |an-cn--- |
| 086 | 1 |aTU3-5/04-47E-PDF |
| 110 | 2 |aTransportation Safety Board of Canada. |
| 245 | 10|aLanding beside the runway - Aéropro Piper PA-31-350 C-GBYL, Gaspé Airport, Quebec, 19 December 2004 |h[electronic resource] |
| 260 | |aGatineau - Quebec : |bTransportation Safety Board of Canada |c[2006]. |
| 300 | |a16p.|billus., tables |
| 490 | 1 |aAviation investigation report |vA04Q0196 |
| 590 | |a10-05-Supp|b2010-07-20 |
| 690 | 07|aAircraft accidents|2gcpds |
| 775 | 08|tAtterrissage à côté de la piste du PA-31-350 C-GBYL exploité par Aéropro à l'aéroport de Gaspé (Québec), le 19 décembre 2004 |w(CaOODSP)9.597899 |
| 830 | #0|aAviation investigation report ;|vA04Q0196|w(CaOODSP)9.504825 |
| 856 | 40|ahttp://publications.gc.ca|qPDF|s1315 KB|uhttps://publications.gc.ca/collections/collection_2009/bst-tsb/TU3-5-04-47E.pdf|yA04Q0196 |